000 01259nam a22004337a 4500
001 BR0601604
003 BR-BrBNA
005 20230928102120.0
007 ta
008 230509b bl.||||| |||| 00| 0 por d
040 _aBR-BrBNA
_bpor
_cBiblioteca Nacional de Agricultura
041 _a(Por)
072 _aE14; S40
090 _ E14 BR0601604
100 1 _aSousa, R.M.S.
100 1 _aLessa, A.
100 1 _aBarbosa, E.A.
100 1 _aSantos, F. das C.
100 1 _aReis, O.G. de L.
100 1 _aLima, S.O.
100 1 _aBarros, S.R. de
110 1 _aGoverno do Estado do Piauí, Teresina (Brasil). Coordenadoria Estadual de Segurança Alimentar e Combate à Fome
_95392
245 1 _aPrograma Fome Zero - Piauí
_bPrimeiros 180 dias
260 3 _aTeresina, PI (Brasil):
_c2003.
300 _a34 p.
500 _a13 illus; 16 tables
650 _aPROJETO DE DESENVOLVIMENTO
650 _aFOME
650 _aPROGRAMA DE NUTRIÇÃO
650 _aHABITAÇÃO
650 _aDEFICIÊNCIA NUTRICIONAL
650 _aMORTALIDADE
650 _aDIRETRIZ
650 _aRECURSO
650 _aDESENVOLVIMENTO SÓCIO-ECONÔMICO
650 _aPOLÍTICA DE DESENVOLVIMENTO
909 _a202309
_bLucia
_c55
_dLucia Elande
942 _cBK
999 _c69212
_d69212